LEADER 01063nam 2200373 450 001 9910583018203321 010 $a0-12-809797-3 010 $a0-12-809671-3 035 $a(CKB)4100000000449554 035 $a(MiAaPQ)EBC5041612 035 $a(PPN)228015782 035 $a(EXLCZ)994100000000449554 100 $a20171014h20182018 uy 0 101 0 $aeng 135 $aurcnu|||||||| 181 $2rdacontent 182 $2rdamedia 183 $2rdacarrier 200 00$aStaphylococcus aureus /$fedited by Alexandra Fetsch 210 1$aLondon, [England] :$cAcademic Press,$d2018. 210 4$dİ2018 215 $a1 online resource (299 pages) 320 $aIncludes bibliographical references and index. 606 $aStaphylococcus aureus$xGenetic aspects 615 0$aStaphylococcus aureus$xGenetic aspects. 676 $a616.01 702 $aFetsch$b Alexandra 801 0$bMiAaPQ 801 1$bMiAaPQ 801 2$bMiAaPQ 906 $aBOOK 912 $a9910583018203321 996 $aStaphylococcus Aureus$92134698 997 $aUNINA LEADER 01281nas 2200421-a 450 001 9910172105303321 005 20241221110053.0 035 $a(CKB)111096168323000 035 $a(CONSER)--2003227185 035 $a(MiFhGG)0OQF 035 $a(EXLCZ)99111096168323000 100 $a20030304a20039999 --- a 101 0 $aeng 181 $ctxt$2rdacontent 182 $cc$2rdamedia 183 $acr$2rdacarrier 200 00$aMetal producing & processing 210 $aCleveland, Ohio $cPenton Media, Inc.$dİ2003- 215 $a1 online resource 311 08$aPrint version: Metal producing & processing. (DLC) 2003227185 (OCoLC)51787000 1547-1411 517 3 $aMetal producing and processing 531 $aMETAL PRODUCING AND PROCESSING 606 $aSteelwork$vPeriodicals 606 $aMetal-work$vPeriodicals 606 $aMetal-work$2fast$3(OCoLC)fst01017786 606 $aSteelwork$2fast$3(OCoLC)fst01132894 608 $aPeriodicals.$2fast 608 $aPeriodicals.$2lcgft 615 0$aSteelwork 615 0$aMetal-work 615 7$aMetal-work. 615 7$aSteelwork. 676 $a669 906 $aJOURNAL 912 $a9910172105303321 920 $aexl_impl conversion 996 $aMetal producing & processing$92139216 997 $aUNINA